Responses for Show #7889 - Thursday, December 20, 2018

Contestants

[<< previous game]

Andrew Kung, a graduate student from San Francisco, California

Carrie Blazina, a multiplatform copy editor from Cambridge, Massachusetts

Jackie Fuchs, an attorney and writer from Los Angeles, California (whose 4-day cash winnings total $87,089)

[next game >>]

Jeopardy! Round responses

ACCORDING TO EMILY POST
WORDS OF SCIENCE
SAY IT IN LATIN
RECENT EVENTS
TV: THE WHAT?
CLUES ACROSS AMERICA
(Alex: Each of the clues will be delivered by an on-camera personality at the station that carries Jeopardy! in that community.)
    $200 28
[The end-of-round signal sounds.]

a base

Carrie
    $200 2
Suits

Jackie
    $200 16
(Jackie: Who is Castle?)

The Rookie

JackieCarrie
    $200 21
Orville and Wilbur Wright

Andrew
    $400 15
the fork

Carrie
    $400 11
turbulence

Jackie
    $400 27
circa

Andrew
    $400 4
lemonade

Carrie
    $400 17
The Voice

Carrie
    $400 22
Prince

Andrew
    $600 14
the maid (or housekeeper)

Andrew
    $1,000 8
a fluid

Andrew
    $600 26
non sequitur

Jackie
    $600 5
Justify

Triple Stumper
    $600 18
The Middle

Carrie
    $600 23
41

Andrew
    $800 12
hats

Andrew
    $800 9
the mesosphere

Andrew
    $800 3
(Jackie: What is Canis Majorus?)

Canis Major

JackieCarrie
    $800 6
[ERRATUM: The 7th Circuit Court made the ruling, not the 7th District Court.]

in God we trust

Carrie
    $800 19
The View

Andrew
    $800 24
the Very Hungry Caterpillar

Carrie
    $1000 13
Esquire

Andrew
    $1000 10
(Andrew: What is enthalpy?)

latent heat

Andrew
Triple Stumper
    $1000 1
mea culpa

Carrie
    $1000 7
Eurovision

Andrew
    $1000 20
The Wire

Andrew
    $1000 25
(Alex: Less than a minute now.)

the saguaro

Andrew

Scores at the first commercial break (after clue 15):

Jackie Carrie Andrew
-$200 $3,400 $4,200

Scores at the end of the Jeopardy! Round:

Jackie Carrie Andrew
$200 $5,600 $8,600

Double Jeopardy! Round responses

INTO THE SPIDER VERSE
COMMUNICATION
STATE CONSTITUTIONS
POP CULTURE PAIRS
HUGS & KISSES
"XO"
    $400 1
the rain

Andrew
    $400 9
(Jackie: What is 411?)

911

JackieCarrie
    $400 25
Morse code (or telegraph)

Carrie
    $400 14
(Amy) Poehler and Tina Fey

Jackie
    $400 24
Nelson Mandela

Andrew
    $400 23
Luxor

Andrew
    $800 10
the Department of State

Jackie
    $800 18
a starfish

Carrie
    $800 17
Queen Elizabeth II

Andrew
    $800 20
an exorcism

Andrew
    $1200 11
The Who

Jackie
    $4,600 21
an umpire

Andrew
    $3,200 22
(Alex: Less than a minute now.)

the Seminole

Andrew
    $1200 2
(Alex: And that movie, by the way, opens next week.)

John C. Reilly

Andrew
    $1200 15
East Germany

Andrew
    $1200 5
buxom

Jackie
    $1600 12
(Andrew: Who is Ariadne?)

Arachne

JackieAndrew
    $1600 3
CHiPs

Andrew
    $1600 16
tsar

Jackie
    $1600 6
a flexor

Andrew
    $2000 13
Frost

Carrie
    $2000 19
the Signal Corps

Triple Stumper
    $2000 26
[The end-of-round signal sounds.]

term limits

Jackie
    $2000 4
(Carrie: Who are Laurel and Hardy?)

Bob Hope and Bing Crosby

Carrie
Triple Stumper
    $2000 8
(Carrie: What is the end of World War II?)
(Alex: Yeah, we'll...)
(Carrie: What is V-J Day?)
(Alex: V-J Day, yes. You were very specific and you're correct.)

the end of World War II or V-J Day

Carrie
    $2000 7
exotic dancer

Andrew

Scores at the end of the Double Jeopardy! Round:

Jackie Carrie Andrew
$8,600 $9,200 $25,200
(lock game)

[wagering suggestions for these scores]

Final Jeopardy! Round responses

THE WORKS OF MOZART
(Alex: [To Andrew] No, if you remember Amadeus, the [*]. He was dying.)
JackieWhat is the Jupiter Symphony?
$8,600
CarrieWhat is The Magic Flute?
$9,199
AndrewWhat is the Marriage of Figaro
$4,200
Requiem

Final scores:

Jackie Carrie Andrew
$0 $1 $21,000
3rd place: $1,000 2nd place: $2,000 New champion: $21,000

Game dynamics:

Coryat scores:

Jackie Carrie Andrew
$8,600 $9,200 $19,400
10 R,
3 W
15 R,
1 W
25 R
(including 3 DDs),
2 W

Combined Coryat: $37,200

[game clues] [game scores] [suggest correction]

Game tape date: 2018-11-06
The J! Archive is created by fans, for fans. Scraping, republication, monetization, and malicious use prohibited; this site may use cookies and collect identifying information. See terms. The Jeopardy! game show and all elements thereof, including but not limited to copyright and trademark thereto, are the property of Jeopardy Productions, Inc. and are protected under law. This website is not affiliated with, sponsored by, or operated by Jeopardy Productions, Inc. Join the discussion at JBoard.tv.